[Event "ch-USA w 2018"]
[Site "Saint Louis USA"]
[Date "2018.04.27"]
[Round "9.4"]
[White "Derakhshani, Dorsa"]
[Black "Yu, Jennifer"]
[Result "0-1"]
[WhiteTitle "IM"]
[BlackTitle "FM"]
[WhiteElo "2306"]
[BlackElo "2367"]
[WhiteFideId "12500330"]
[BlackFideId "2078341"]
[EventDate "2018.04.18"]

1. e4 g6 2. d4 Bg7 3. Nc3 d5 4. exd5 Nf6 5. Bc4 Nbd7 6. Nf3 O-O 7. O-O Nb6 8.
Bb3 a5 9. a4 Nbxd5 10. Nxd5 Nxd5 11. Re1 e6 12. Ne5 c6 13. c3 Qc7 14. Qf3 b6 15.
h4 Bb7 16. h5 c5 17. h6 Bh8 18. Ng4 c4 19. Bc2 f5 20. Ne5 Nb4 21. Qe2 Bxe5 22.
dxe5 Nxc2 23. Qxc2 f4 24. Qd1 Rf5 25. Qg4 Raf8 26. Bd2 Qe7 27. g3 Rh5 28. f3 Rg5 0-1

[Event "ch-USA w 2018"]
[Site "Saint Louis USA"]
[Date "2018.04.27"]
[Round "9.5"]
[White "Gorti, Akshita"]
[Black "Feng, Maggie"]
[Result "1-0"]
[WhiteTitle "FM"]
[BlackTitle "FM"]
[WhiteElo "2252"]
[BlackElo "2243"]
[WhiteFideId "2072505"]
[BlackFideId "2078090"]
[EventDate "2018.04.18"]

1. Nf3 d5 2. e3 e6 3. c4 c6 4. Nc3 f5 5. b3 Nf6 6. Bb2 Bd6 7. Be2 O-O 8. O-O Qe7
9. d3 e5 10. cxd5 Nxd5 11. h3 Nd7 12. Rc1 N7f6 13. Nxd5 Nxd5 14. Nd2 Ba3 15. Qc2
Bxb2 16. Qxb2 Bd7 17. Rfe1 Rf6 18. Bf1 Rg6 19. Kh1 Re8 20. e4 fxe4 21. Nxe4 Nf4
22. Ng3 Rd6 23. Qa3 a6 24. Qb4 Bc8 25. Ne4 Rd4 26. Qxe7 Rxe7 27. Nc5 Bf5 28. Rc4
Rxc4 29. dxc4 Kf7 30. Kh2 e4 31. g4 Bg6 32. Kg3 Nd3 33. Bxd3 exd3 34. Rxe7+ Kxe7
35. Kf3 b5 36. Ke3 bxc4 37. bxc4 Kd6 38. Nxd3 c5 39. f4 Bf7 40. Ne5 Be8 41. Ke4
Ba4 42. f5 Bc2+ 43. Kf4 Bb1 44. a3 g5+ 45. fxg6 hxg6 46. h4 Ke6 47. Nf3 Bd3 48.
Nd2 Be2 49. g5 Kd6 50. Ke3 Bg4 51. Ne4+ Kc6 52. Ng3 Kd6 53. Ne4+ Kc6 54. Nf6 Be6
55. Kd3 Kd6 56. Ne4+ Kc6 57. Kc3 Bf5 58. Nf2 Kd6 59. Nd3 Be4 60. Kd2 Bf5 61. Nf4
Ke5 62. Ke3 Bc2 63. h5 gxh5 64. Nxh5 Kf5 65. Ng3+ Kxg5 66. Ne4+ Kf5 67. Nxc5 a5
68. Kd4 Kf6 69. Kd5 Ke7 70. Kc6 Bd1 71. Nb7 a4 72. c5 Bf3+ 73. Kb6 Kd7 74. Na5
Bd5 75. c6+ Kd6 76. Nb7+ Ke5 77. Nc5 Bf3 78. Nxa4 Kd6 79. c7 Bg4 80. Nc5 Bc8 81.
a4 Kd5 82. a5 Kd6 83. a6 Bxa6 84. Nxa6 Kd7 85. Kb7 Kd6 86. c8=Q Ke7 87. Kc7 Kf7
88. Kd6 Kf6 89. Qf8+ Kg5 90. Ke5 Kg6 91. Qg8+ Kh5 92. Kf5 1-0

[Event "ch-USA w 2018"]
[Site "Saint Louis USA"]
[Date "2018.04.27"]
[Round "9.6"]
[White "Sharevich, Anna"]
[Black "Goletiani, Rusudan"]
[Result "0-1"]
[WhiteTitle "WGM"]
[BlackTitle "IM"]
[WhiteElo "2281"]
[BlackElo "2306"]
[WhiteFideId "13503189"]
[BlackFideId "13601105"]
[EventDate "2018.04.18"]

1. d4 e6 2. Nf3 f5 3. Bf4 Nf6 4. e3 g6 5. Be2 Bg7 6. h3 d6 7. c4 Qe7 8. Nc3 Nc6
9. Bh2 O-O 10. O-O Kh8 11. Rb1 e5 12. c5 Ne4 13. cxd6 cxd6 14. d5 Nxc3 15. bxc3
Na5 16. Nd2 b6 17. Nb3 Nb7 18. a4 Qc7 19. c4 Bd7 20. Ra1 Nc5 21. Nxc5 Qxc5 22.
Qb3 Rac8 23. Ra2 Qa5 24. f3 Qc5 25. Kh1 Qc7 26. Qa3 Qc5 27. Qb3 Qc7 28. Bg1 g5
29. e4 fxe4 30. fxe4 Rf4 31. a5 bxa5 32. Qe3 a4 33. Rc1 h6 34. Bd1 Qa5 35. Qxa7
Qxa7 36. Bxa7 Ra8 37. Bg1 Rxe4 38. c5 dxc5 39. Rxc5 Re1 40. Bh5 e4 41. Rc7 Bb5
42. Rxg7 Kxg7 43. Kh2 e3 44. Ra3 e2 45. Bd4+ Kg8 46. Re3 Rd1 47. Bc3 Rd3 48.
Rxd3 Bxd3 49. Bg4 a3 50. Be6+ Kh7 51. d6 a2 0-1

[Event "ch-USA w 2018"]
[Site "Saint Louis USA"]
[Date "2018.04.28"]
[Round "10.1"]
[White "Wang, Annie"]
[Black "Zatonskih, Anna"]
[Result "1/2-1/2"]
[WhiteTitle "FM"]
[BlackTitle "IM"]
[WhiteElo "2321"]
[BlackElo "2444"]
[WhiteFideId "2053900"]
[BlackFideId "14101572"]
[EventDate "2018.04.18"]

1. d4 d5 2. c4 e6 3. Nc3 Be7 4. Nf3 Nf6 5. Bf4 O-O 6. e3 c5 7. dxc5 Bxc5 8. Qc2
Nc6 9. a3 Qa5 10. Rd1 Be7 11. Be2 dxc4 12. Bxc4 Nh5 13. O-O Nxf4 14. exf4 a6 15.
Rfe1 Rd8 16. Rxd8+ Qxd8 17. Rd1 Qc7 18. f5 Qf4 19. Bd3 h6 20. Ne2 Qb8 21. Ned4
Nxd4 22. Nxd4 exf5 23. Re1 Qd6 24. Bxf5 Qxd4 25. Bxc8 Qc5 26. Qxc5 Bxc5 27. Bxb7
Rb8 28. Bxa6 Rxb2 29. Be2 Bxa3 30. Kf1 Bc5 31. Rc1 Bb6 32. g3 g6 33. Rc6 Kg7 34.
Rd6 h5 35. h4 Bc5 36. Rc6 Bd4 37. Rd6 Ba7 38. Rc6 Bd4 39. Rd6 Bb6 40. Rd5 Rc2
41. Rd6 Rb2 42. Rd5 Ba7 1/2-1/2

[Event "ch-USA w 2018"]
[Site "Saint Louis USA"]
[Date "2018.04.28"]
[Round "10.2"]
[White "Abrahamyan, Tatev"]
[Black "Paikidze, Nazi"]
[Result "0-1"]
[WhiteTitle "WGM"]
[BlackTitle "IM"]
[WhiteElo "2366"]
[BlackElo "2352"]
[WhiteFideId "13301918"]
[BlackFideId "13603620"]
[EventDate "2018.04.18"]

1. e4 c6 2. d4 d5 3. Nc3 b5 4. Bd3 b4 5. Nce2 dxe4 6. Bxe4 Nf6 7. Bf3 e6 8. Nh3
Bd6 9. Nhf4 Qc7 10. Nd3 Nbd7 11. Bf4 Bxf4 12. Nexf4 Rb8 13. O-O O-O 14. a3 a5
15. axb4 axb4 16. Qd2 Qd6 17. Qe3 Nd5 18. Bxd5 cxd5 19. b3 Ba6 20. Ra4 Rfc8 21.
Rc1 Rb6 22. Qd2 Rcb8 23. Rca1 Bxd3 24. Nxd3 h6 25. Ra7 Re8 26. h3 Reb8 27. R1a4
Nf6 28. Nc5 e5 29. dxe5 Qxe5 30. Na6 Ne4 31. Qe3 d4 32. Qe1 Re8 33. Nxb4 Rg6 34.
Ra8 Rxa8 35. Rxa8+ Kh7 36. Ra6 f6 37. Nd3 Qf5 38. Ra5 Qf3 39. Qf1 Nd2 40. Ne1
Qd1 0-1

[Event "ch-USA w 2018"]
[Site "Saint Louis USA"]
[Date "2018.04.28"]
[Round "10.4"]
[White "Yu, Jennifer"]
[Black "Sharevich, Anna"]
[Result "1/2-1/2"]
[WhiteTitle "FM"]
[BlackTitle "WGM"]
[WhiteElo "2367"]
[BlackElo "2281"]
[WhiteFideId "2078341"]
[BlackFideId "13503189"]
[EventDate "2018.04.18"]

1. d4 d5 2. c4 e6 3. Nc3 Nf6 4. cxd5 exd5 5. Bg5 c6 6. e3 Qb6 7. Qc2 Ne4 8. Bf4
Bb4 9. Bd3 O-O 10. Ne2 Be6 11. O-O Nf6 12. a3 Be7 13. f3 Nbd7 14. g4 g6 15. b4
Ne8 16. Kg2 Qd8 17. Bh6 Ng7 18. Nf4 Bg5 19. Bxg7 Kxg7 20. Nxe6+ fxe6 21. f4 Bf6
22. Ne2 Qe8 23. g5 Be7 24. h4 a5 25. Rab1 axb4 26. axb4 Ra3 27. h5 Qa8 28. Rh1
Ra2 29. Rb2 Rxb2 30. Qxb2 Qa4 31. hxg6 hxg6 32. Rh6 Qd1 33. Qb1 Qxb1 34. Bxb1
Bxb4 35. Rxg6+ Kf7 36. Rh6 Rg8 37. Ng3 Bf8 38. Rh1 Bg7 39. Kf3 c5 40. dxc5 Nxc5
41. Bh7 Ra8 42. Rc1 b6 43. Rb1 Nd7 44. e4 Ra3+ 45. Kg4 dxe4 46. Bxe4 Ra1 47. Rb3
Rg1 48. Ra3 Ra1 49. Rb3 Rg1 50. Kf3 Rc1 51. Ne2 Rf1+ 52. Kg2 Re1 53. Kf2 Rd1 54.
Bc6 Bf8 55. Rh3 Bc5+ 56. Kg2 Nf8 57. Be4 Bd4 58. Kf3 Bg7 59. Kg4 Re1 60. Bd3 Ra1
61. Re3 Ra5 62. Bc4 Rc5 63. Bb3 Ke7 64. Re4 Kd6 65. Ng3 Rb5 66. Bc4 Rb4 67. Nh5
Bb2 68. g6 b5 69. Bd3 Rxe4 70. Bxe4 Nd7 71. g7 Bxg7 72. Nxg7 Nf6+ 73. Kf3 Nxe4
74. Kxe4 b4 75. Ne8+ Kd7 76. Nf6+ Ke7 77. Ke5 b3 78. Ne4 b2 79. Nd2 Kf7 80. Kd4
Kf6 81. Ke4 Kg6 82. Nb1 Kf6 83. Nc3 Kg6 84. Ke5 Kf7 85. Nb1 Ke7 86. Kd4 Kf6 87.
Ke4 Kg6 88. Nd2 Kf6 89. Ke3 Kf5 1/2-1/2

[Event "ch-USA w 2018"]
[Site "Saint Louis USA"]
[Date "2018.04.28"]
[Round "10.5"]
[White "Gorti, Akshita"]
[Black "Derakhshani, Dorsa"]
[Result "1/2-1/2"]
[WhiteTitle "FM"]
[BlackTitle "IM"]
[WhiteElo "2252"]
[BlackElo "2306"]
[WhiteFideId "2072505"]
[BlackFideId "12500330"]
[EventDate "2018.04.18"]

1. Nf3 Nf6 2. d4 g6 3. e3 Bg7 4. c4 O-O 5. Be2 c5 6. d5 e6 7. Nc3 d6 8. O-O e5
9. a3 h6 10. Nd2 Nh7 11. b4 Na6 12. Rb1 b6 13. Qc2 f5 14. b5 Nc7 15. a4 g5 16.
Bb2 Ne8 17. Ra1 g4 18. f4 Qe7 19. Bd3 Qh4 20. g3 Qh5 21. a5 Rb8 22. axb6 axb6
23. Ra7 e4 24. Be2 Rf7 25. Rfa1 Nc7 26. Na4 Qg6 27. Bxg7 Qxg7 28. Qb2 Nf6 29.
Qa3 h5 30. Bf1 h4 31. Bg2 Nh5 32. Kf2 Qf6 33. Qb2 Qxb2 34. Nxb2 h3 35. Bf1 Kf8
36. Be2 1/2-1/2

[Event "ch-USA w 2018"]
[Site "Saint Louis USA"]
[Date "2018.04.29"]
[Round "11.4"]
[White "Zatonskih, Anna"]
[Black "Abrahamyan, Tatev"]
[Result "1/2-1/2"]
[WhiteTitle "IM"]
[BlackTitle "WGM"]
[WhiteElo "2444"]
[BlackElo "2366"]
[WhiteFideId "14101572"]
[BlackFideId "13301918"]
[EventDate "2018.04.18"]

1. d4 Nf6 2. c4 e6 3. Nc3 Bb4 4. Qc2 O-O 5. Nf3 d5 6. cxd5 exd5 7. a3 Bxc3+ 8.
bxc3 Ne4 9. e3 Bf5 10. Bd3 c5 11. c4 Qa5+ 12. Bd2 Nxd2 13. Qxd2 Qxd2+ 14. Kxd2
Bxd3 15. Kxd3 dxc4+ 16. Kxc4 cxd4 17. Nxd4 Nc6 18. Nxc6 Rac8 19. Kd3 Rxc6 20.
Rhc1 Rd8+ 21. Ke2 Rdc8 22. Rxc6 Rxc6 23. Rd1 g6 24. f4 Rc2+ 25. Kf3 Rc3 26. Rd7
Rxa3 27. Rxb7 h5 28. g3 a5 29. Ra7 Ra1 30. h3 a4 1/2-1/2